Esquizofrenia la enfermedad del inconsciente /

Bibliographic Details
Main Author: Hikal, Wael
Format: Unknown
Language:Spanish
Published: Mx̌ico : Editorial vLex , 2009
Subjects:
Online Access:Acceso restringido

MARC

LEADER 00000ny a22000003n 4500
005 20110621121024.0
008 100324s mx 000 0 spa d
035 |a 3295 
040 |a BUS  |d vlex 
090 |c 1290  |d 1290 
100 1 |a Hikal, Wael 
245 1 0 |a Esquizofrenia  |h [Recurso electrn̤ico]  |b la enfermedad del inconsciente /  |c Wael Sarwat Hikal Carren̤  
256 |a Servicio en ln̕ea 
260 |a Mx̌ico :  |b Editorial vLex ,  |c 2009 
300 |a v. 
650 0 7 |a Esquizofrenia  |2 Tesauro vLex 
740 0 |a vLex Libros (Servicios en ln̕ea) 
856 4 0 |z Acceso restringido  |u http://vlex.com/source/3295 
942 |c BOOK